| 000 | 02597njm0a22004451 4500 | ||
|---|---|---|---|
| 001 | RU\NLR\ONIZ\197639 | ||
| 005 | 20250708192226.0 | ||
| 035 | _a(NLR Aleph) 010405195 | ||
| 035 | _aRU\NLR\ONIZ\GALA\5000010817\20131205134432 | ||
| 090 |
_a13282317 _c13282317 |
||
| 100 | _a20131205d2010 |||y0rusy50 ca | ||
| 102 | _aRU | ||
| 126 |
_aaguxjxu ux _bxxx |
||
| 127 | _a000055 | ||
| 135 | _ahonoannnanndn | ||
| 200 | 1 |
_aДвенадцать хоров a capella для смешанных голосов _bЗвукозапись _eop. 27 _fС. И. Танеев _gстихи Я. П. Полонского _gисполн.: Гос. академический русский хор им. А. В. Свешникова, худ. рук. и дирижер Б. Тевлин |
|
| 210 |
_cГосхор им. А.В. Свешникова _aМосква _d2010 |
||
| 215 |
_a1 зв. диск (55 мин), в футл. _eприл. (16 с.) |
||
| 327 | 1 |
_a1. Первая тетрадь : хоры четырехголосные (1-4); _a2. Вторая тетрадь : хоры пятиголосные (5-8); _a3. Третья тетрадь : хоры шести-восьмиголосные (9-12) |
|
| 464 | 0 |
_12001#$aВторая тетрадь$eхоры пятиголосные (5-8) _tВторая тетрадь |
|
| 464 | 0 |
_12001#$aПервая тетрадь$eхоры четырехголосные (1-4) _tПервая тетрадь |
|
| 464 | 0 |
_12001#$aТретья тетрадь$eхоры шести-восьмиголосные (9-12) _tТретья тетрадь |
|
| 606 | 1 |
_aХоровая музыка русская _xзвукозапись _yРоссия _z19 век _2nlr_sh |
|
| 686 |
_aЩ941.1, 8(3) _vLBC/SL _2rubbk |
||
| 700 | 1 |
_9z01790 _aТанеев _bС.И. _f1856-1915 _gСергей Иванович _4230 _7ca |
|
| 702 | 1 |
_9z03790 _aПолонский _bЯ.П. _f1819-1898 _gЯков Петрович _4520 |
|
| 702 | 1 |
_9z04790 _aТевлин _bБ. Г. _f1931 - _gБорис Григорьевич _4250 |
|
| 712 | 0 | 2 |
_aГосударственный академический русский хор имени А.В. Свешникова _4590 |
| 790 | 1 |
_9z01700 _aTaneyev _bS. _f1856-1915 _gSergei _4230 |
|
| 790 | 1 |
_9z03702 _aPolonski _bY. P. _f1819-1898 _gYacov Petrovich. _4520 |
|
| 790 | 1 |
_9z04702 _aTevlin _bB. G. _f1931 - _gBoris Grigor'evich _4250 |
|
| 801 | 0 |
_aRU _bNLR _c20131205 _gPSBO |
|
| 801 | 1 |
_aRU _bNLR _c20131205 _2rusmarc |
|
| 801 | 2 |
_aRU _bNLR _c20131205 |
|
| 852 |
_aNLR _bМг _jД/1851 _p3851 _t1 |
||
| 942 | _cREC | ||
| 980 | _aNB | ||
| 980 | _aONIZ | ||